000 00310nam a22001217a 4500
999 _c534355
_d534355
040 _cMSOHAIL
082 _a891.4391
100 _aKhwaja Meer Dard - خواجہ میر درد
_928493
245 _aDeewan-e-Dard - دیوان درد
260 _aLahore
_bAl-Faisal
_cc2009
300 _a212;p
942 _2ddc
_cBK